<?xml version="1.0" encoding="UTF-8"?>
<record
    xmlns:xsi="http://www.w3.org/2001/XMLSchema-instance"
    xsi:schemaLocation="http://www.loc.gov/MARC21/slim http://www.loc.gov/standards/marcxml/schema/MARC21slim.xsd"
    xmlns="http://www.loc.gov/MARC21/slim">

  <leader>00810nam a22001337a 4500</leader>
  <datafield tag="999" ind1=" " ind2=" ">
    <subfield code="c">533809</subfield>
    <subfield code="d">533809</subfield>
  </datafield>
  <controlfield tag="008">260625b           ||||| |||| 00| 0 eng d</controlfield>
  <datafield tag="100" ind1=" " ind2=" ">
    <subfield code="a">Misra, Salil </subfield>
    <subfield code="9">61350</subfield>
  </datafield>
  <datafield tag="245" ind1=" " ind2=" ">
    <subfield code="a">Syncretic and universalist potentials of Urdu poerty </subfield>
  </datafield>
  <datafield tag="260" ind1=" " ind2=" ">
    <subfield code="a">India International Center Quarterly  </subfield>
  </datafield>
  <datafield tag="300" ind1=" " ind2=" ">
    <subfield code="a">52 (3&amp;4), Winter 2025- Summer 2026: p.196-210</subfield>
  </datafield>
  <datafield tag="520" ind1=" " ind2=" ">
    <subfield code="a">This essay has three objectives. First, it offers an outsiders perspective on Urdu. It suggests that some of Urdu&#x2019;s distinctive features might not be obvious to insiders, who may regard its quirks as inherent and natural. Second it examines the nature of the syncretic and universalist elements within Urdu poetry as they developed during the 18th and 19th centuries. &#x2013; Reproduced </subfield>
  </datafield>
  <datafield tag="773" ind1=" " ind2=" ">
    <subfield code="a">India International Center Quarterly  </subfield>
  </datafield>
  <datafield tag="942" ind1=" " ind2=" ">
    <subfield code="c">AR</subfield>
  </datafield>
  <datafield tag="952" ind1=" " ind2=" ">
    <subfield code="0">0</subfield>
    <subfield code="1">0</subfield>
    <subfield code="2">ddc</subfield>
    <subfield code="4">0</subfield>
    <subfield code="7">0</subfield>
    <subfield code="9">408989</subfield>
    <subfield code="a">IIPA</subfield>
    <subfield code="b">IIPA</subfield>
    <subfield code="d">2026-06-25</subfield>
    <subfield code="h">52 (3&amp;4), Winter 2025- Summer 2026: p.196-210</subfield>
    <subfield code="p">AR139271</subfield>
    <subfield code="r">2026-06-25</subfield>
    <subfield code="y">AR</subfield>
  </datafield>
</record>
